000
00337nam a22001577a 4500
020
_a
978-81-219-2537-2
041
_a
ENG
100
_a
Khurml .R.J
245
_a
A TextBook of Machine Design
250
_a
First
260
_a
New Delhi
_b
Eurasia Pub
_c
2018
300
_a
1230
650
_a
FMP
700
_a
Gupta.J.K
856
_u
FMP
999
_c
184
_d
184